[Event "Titled Tue 17th Jun Early"]
[Site "chess.com INT"]
[Date "2025.06.17"]
[Round "3"]
[White "Negrean, Andrei"]
[Black "Aliyev, Elnur"]
[Result "0-1"]
[WhiteTitle "FM"]
[BlackTitle "CM"]
[WhiteElo "2352"]
[BlackElo "2123"]
[WhiteFideId "1291513"]
[BlackFideId "13402617"]
[EventDate "2025.06.17"]

1. e4 Nc6 2. Nc3 e5 3. Nf3 Nf6 4. Bb5 Bb4 5. O-O O-O 6. d3 d6 7. Bg5 Ne7 8. Bxf6
gxf6 9. Ne2 c6 10. Ba4 Bg4 11. c3 Bc5 12. d4 Bb6 13. Ng3 f5 14. exf5 exd4 15. h3
Bxf5 16. Nxf5 Nxf5 17. Bc2 Nh4 18. Nxd4 Qg5 19. g3 Ng6 20. Nf5 d5 21. h4 Qf6 22.
Qh5 Rfe8 23. Qh6 Re2 24. Bd3 Re6 25. Rae1 Rae8 26. Rxe6 Rxe6 27. Qd2 Ne5 28. Kg2
Nxd3 29. Qxd3 Re4 30. Nd4 Bxd4 31. cxd4 Qxd4 32. Qa3 Kg7 33. Qd6 Qe5 34. Qd7 Qe7
35. Qf5 Re2 36. Qg4+ Kf8 37. Qf5 Qe4+ 38. Qxe4 dxe4 39. Rb1 e3 40. Kf3 Rxf2+ 41.
Kxe3 Rg2 42. Kf4 Rf2+ 43. Ke3 Rc2 44. Kd3 Rg2 45. Ke4 Rxg3 46. Rd1 Rg2 47. Rd7
Rxb2 48. Ke5 Kg7 49. h5 Re2+ 50. Kf5 Rf2+ 51. Kg4 Rg2+ 52. Kf5 Rf2+ 53. Kg4 Rxa2
54. Rxb7 h6 55. Rc7 Ra4+ 56. Kf5 Ra5+ 57. Kg4 Rg5+ 58. Kh4 a5 59. Rxc6 Rb5 60.
Ra6 Rb4+ 61. Kg3 a4 62. Kf3 Rb3+ 63. Kg4 a3 64. Kf4 Kf8 65. Rxh6 Rb4+ 66. Kg5
Ra4 67. Rh8+ Kg7 68. Rf8 Ra5+ 69. Kh4 Kxf8 0-1

[Event "Titled Tue 17th Jun Early"]
[Site "chess.com INT"]
[Date "2025.06.17"]
[Round "3"]
[White "Bogdanov, Artyom"]
[Black "Modric, Nesa"]
[Result "0-1"]
[WhiteTitle "FM"]
[BlackTitle "CM"]
[WhiteElo "2370"]
[BlackElo "2088"]
[WhiteFideId "13749200"]
[BlackFideId "922579"]
[EventDate "2025.06.17"]

1. Nf3 d5 2. d4 Nf6 3. c3 Bg4 4. Ne5 Bh5 5. Qb3 Qc8 6. Bf4 e6 7. Nd2 c6 8. e3
Nbd7 9. Bd3 Bg6 10. Nxg6 hxg6 11. h3 Be7 12. e4 c5 13. dxc5 Nxc5 14. Bb5+ Kf8
15. Qc2 a6 16. Bd3 Nxd3+ 17. Qxd3 dxe4 18. Nxe4 Qc6 19. Nxf6 gxf6 20. O-O Rd8
21. Qe3 Kg7 22. Rfd1 e5 23. Bg3 Bc5 24. Qe2 a5 25. Kf1 Rxh3 26. Qc4 Rh1+ 27. Ke2
Rhxd1 28. Rxd1 Rxd1 29. Kxd1 b5 30. Qf1 Qd5+ 31. Kc1 b4 32. cxb4 Qxa2 33. Qd3
Bd4 34. bxa5 Qxb2+ 35. Kd1 Qa1+ 36. Ke2 Qxa5 37. f4 Qa2+ 38. Kf1 Qa1+ 39. Be1
exf4 40. Ke2 Qb2+ 41. Kf3 Be3 42. g3 Qb7+ 43. Ke2 Qg2+ 44. Kd1 Qf3+ 45. Qe2
Qxe2+ 46. Kxe2 Bc1 47. Kd1 Be3 48. Ke2 g5 49. Kf3 Kg6 50. Bc3 Bc1 51. gxf4 Bxf4
52. Ba5 Bd6 53. Bd8 f5 54. Ke3 f6 55. Kd4 g4 56. Kd5 Bb8 57. Kd4 g3 58. Ke3 Kg5
59. Kf3 Be5 60. Bb6 Kh4 61. Kg2 Kg4 62. Be3 f4 63. Bc5 f3+ 64. Kf1 g2+ 65. Kg1
f5 66. Bf2 Bc3 67. Be3 Be1 68. Bc5 Kh3 69. Be3 f2+ 70. Bxf2 Bxf2+ 0-1

[Event "Titled Tue 17th Jun Early"]
[Site "chess.com INT"]
[Date "2025.06.17"]
[Round "3"]
[White "Kurmangaliyeva, Liya"]
[Black "Parpiev, Isaak"]
[Result "1-0"]
[WhiteTitle "FM"]
[BlackTitle "CM"]
[WhiteElo "2276"]
[BlackElo "2364"]
[WhiteFideId "13725831"]
[BlackFideId "34281576"]
[EventDate "2025.06.17"]

1. d4 d5 2. c4 c6 3. Nf3 Nf6 4. Nc3 e6 5. g3 dxc4 6. Bg2 Bb4 7. O-O b5 8. a4 O-O
9. Ne5 Nd5 10. Qc2 f6 11. Nf3 a5 12. e4 Nxc3 13. bxc3 Be7 14. Rd1 Ba6 15. d5 b4
16. d6 Bxd6 17. e5 b3 18. Qb1 Nd7 19. Rxd6 Qe8 20. Ba3 c5 21. Qe4 Rb8 22. Rad1
Bb7 23. Qxc4 Bxf3 24. Bxf3 Nxe5 25. Qe2 Qf7 26. Bc6 Rfc8 27. Bb5 c4 28. f4 Nd3
29. Bxc4 Rxc4 30. Qxd3 Rcc8 31. Rd7 Qh5 32. Qe3 Qg4 33. Bb2 Qf5 34. Kf2 Qc2+ 35.
R1d2 Qf5 36. Kg2 Re8 37. h3 Qb1 38. Qa7 Qg6 39. Kh2 Rbc8 40. Qe3 Rb8 41. g4 h5
42. Qd3 Qh6 43. Rf2 hxg4 44. c4 gxh3 45. Qxh3 Qxh3+ 46. Kxh3 Rbd8 47. Rc7 Rd3+
48. Kh4 Rf8 49. Rg2 Rf7 50. Rc8+ Kh7 51. Rc5 Rd1 52. Rh5+ Kg8 53. Rb5 Rh1+ 54.
Kg3 Kh7 55. Rxb3 g6 56. Rh2+ Rxh2 57. Kxh2 Rc7 58. Rc3 Rb7 59. Ba3 Rc7 60. Bd6
Rc6 61. c5 Kg7 62. Rb3 g5 63. Rb6 Rc8 64. fxg5 fxg5 65. c6 Kf7 66. c7 Ke8 67.
Rb8 Kd7 68. Be5 g4 69. Kg3 1-0

[Event "Titled Tue 17th Jun Early"]
[Site "chess.com INT"]
[Date "2025.06.17"]
[Round "3"]
[White "Arslanov, Shamil"]
[Black "Alonso Rosell, Alvar"]
[Result "0-1"]
[WhiteTitle "IM"]
[BlackTitle "GM"]
[WhiteElo "2410"]
[BlackElo "2536"]
[WhiteFideId "4192826"]
[BlackFideId "2270544"]
[EventDate "2025.06.17"]

1. d4 Nf6 2. Nc3 d5 3. e4 Nxe4 4. Nxe4 dxe4 5. Be3 Nd7 6. f3 exf3 7. Nxf3 g6 8.
Bc4 e6 9. O-O Bg7 10. Bg5 Bf6 11. Bxf6 Nxf6 12. Qd2 O-O 13. Qh6 Ng4 14. Qf4 Nf6
15. Ne5 Kg7 16. Rf3 Nh5 17. Qe3 h6 18. Raf1 f5 19. g4 Nf6 20. gxf5 exf5 21. Rg3
Ng4 22. Nxg4 fxg4 23. Qe5+ Kh7 24. Rxf8 Qxf8 25. Qxc7+ Qg7 26. Qxg7+ Kxg7 27.
Re3 Bf5 28. Re7+ Kf6 29. Rf7+ Kg5 30. c3 Re8 31. Kf2 Kf4 32. Rxb7 h5 33. Rxa7 h4
34. Rf7 g3+ 35. hxg3+ hxg3+ 36. Kf1 Kf3 37. Bd5+ Kf4 38. a4 Rh8 39. a5 Rh2 40.
Bg2 Ke3 41. a6 Bd3+ 42. Kg1 Bxa6 43. Rf3+ Kd2 44. Rxg3 Rh6 45. Rg5 Bd3 46. Rg3
Bf5 47. b4 Rh8 48. Bf1 Re8 49. b5 Re1 50. Rg2+ Kxc3 51. b6 Rb1 52. Rf2 Rxb6 53.
Rf4 Kd2 54. Kf2 Rb2 55. Kg3 Ke3 56. Rf3+ Kxd4 57. Rf4+ Ke5 58. Rf2 Rb4 59. Kh2
Kf6 60. Kg1 Rg4+ 61. Kh2 Rb4 62. Bh3 Rh4 63. Rf3 Rxh3+ 64. Rxh3 Bxh3 65. Kxh3
Kf5 66. Kh4 Kf4 67. Kh3 g5 68. Kh2 Kf3 69. Kh3 g4+ 70. Kh2 Kf2 71. Kh1 Kg3 72.
Kg1 Kh3 73. Kh1 g3 74. Kg1 g2 75. Kf2 Kh2 0-1

[Event "Titled Tue 17th Jun Early"]
[Site "chess.com INT"]
[Date "2025.06.17"]
[Round "3"]
[White "Harsha, Bharathakoti"]
[Black "Do Valle Cardoso, Lucas"]
[Result "0-1"]
[WhiteTitle "GM"]
[BlackTitle "IM"]
[WhiteElo "2527"]
[BlackElo "2414"]
[WhiteFideId "5078776"]
[BlackFideId "2163144"]
[EventDate "2025.06.17"]

1. c4 Nf6 2. Nc3 e5 3. Nf3 Nc6 4. g3 d5 5. cxd5 Nxd5 6. Bg2 Nf6 7. O-O h6 8. b4
e4 9. Ne1 Bxb4 10. Nxe4 Nxe4 11. Bxe4 O-O 12. Bg2 Re8 13. e3 Bf8 14. Bb2 Bf5 15.
Rc1 Be4 16. d3 Bd5 17. a3 Bxg2 18. Nxg2 Qd7 19. Nf4 Rad8 20. Qb3 b6 21. Qc4 Ne5
22. Bxe5 Rxe5 23. d4 Ra5 24. Qxc7 Bxa3 25. Qxd7 Rxd7 26. Rc8+ Kh7 27. Rb1 Bd6
28. Kg2 Ra2 29. Kf3 Rb7 30. Nd5 Ra5 31. e4 f5 32. Rc6 fxe4+ 33. Kxe4 Rd7 34. Ne3
Bf8 35. h4 Re7+ 36. Kf3 Rf7+ 37. Kg2 Ra2 38. Rc2 Rxc2 39. Nxc2 Rb7 40. Kf3 b5
41. d5 a5 42. Nd4 b4 43. Ke4 a4 44. Kd3 a3 45. Nb3 Rc7 46. Rc1 Rd7 47. Kd4 Bd6
48. f4 Re7 49. Rc6 Rd7 50. Ra6 Kg6 51. Kc4 Kf5 52. Nd4+ Kg4 53. Nb5 Bf8 54. d6
Kxg3 55. Kxb4 Kxf4 56. Kc5 g5 57. Ra4+ Kg3 58. hxg5 hxg5 59. Kc6 Rf7 60. d7 Be7
61. Nxa3 Rf8 62. Nc4 g4 63. Ne5 Rg8 64. Re4 Kh3 65. Ng6 Rxg6+ 66. Kc7 Rg7 67.
Kc6 Bd8 68. Re8 Bg5 69. Re5 Bh4 70. Rh5 Rg8 71. Rh7 g3 0-1

[Event "Titled Tue 17th Jun Early"]
[Site "chess.com INT"]
[Date "2025.06.17"]
[Round "3"]
[White "Moldagali, Beksultan"]
[Black "Adewumi, Tanitoluwa"]
[Result "1/2-1/2"]
[WhiteTitle "FM"]
[BlackTitle "FM"]
[WhiteElo "2397"]
[BlackElo "2362"]
[WhiteFideId "13734768"]
[BlackFideId "30966396"]
[EventDate "2025.06.17"]

1. e4 g6 2. d4 Bg7 3. Nc3 c6 4. f4 d5 5. e5 h5 6. Be3 Nh6 7. Nf3 Bg4 8. Bf2 e6
9. Bd3 Nf5 10. h3 Bxf3 11. Qxf3 h4 12. O-O-O Nd7 13. Ne2 Qa5 14. Kb1 a6 15. g4
hxg3 16. Nxg3 Nh4 17. Qg4 Qd8 18. f5 exf5 19. Nxf5 Nxf5 20. Bxf5 Qe7 21. e6 Nb6
22. exf7+ Kf8 23. Bxg6 Qd7 24. Qxd7 Nxd7 25. Bg3 Bf6 26. Rde1 Bxd4 27. Bd6+ Kg7
28. Bf5 Rad8 29. Bxd7 Rxd7 30. f8=Q+ Rxf8 31. Bxf8+ Kxf8 32. Rhf1+ Kg8 33. c3
Bc5 34. Re8+ Kg7 35. Rf3 d4 36. cxd4 Bxd4 37. Rd3 c5 38. Re4 Rf7 39. Re2 Rf1+
40. Kc2 b5 41. Rg3+ Kh7 42. a3 a5 43. Rg4 a4 44. Rh4+ Kg6 45. Rg4+ Kf5 46. Rg3
Kf4 47. Rg4+ Kf3 48. Rgg2 Rh1 49. Rh2 Rg1 50. h4 Rg6 51. h5 Rh6 52. Reg2 Rxh5
53. Rxh5 Kxg2 54. Kd3 Bxb2 55. Rxc5 Bxa3 56. Rxb5 Be7 57. Re5 Bf8 58. Rf5 Be7
59. Rf7 Bd6 60. Rd7 Bf8 61. Rd8 Be7 62. Re8 Bd6 63. Re6 Bf8 64. Kc4 a3 65. Kb3
Kg3 66. Rf6 Be7 67. Rf7 Bd6 68. Rd7 Bf8 69. Rd8 Be7 70. Ra8 Kg4 71. Kc4 Kf5 72.
Kd5 Kf6 73. Ra6+ Kf7 74. Ke5 Bb4 75. Ra7+ Kg6 76. Rb7 a2 77. Ra7 Bc3+ 78. Ke4
a1=Q 79. Rxa1 Bxa1 1/2-1/2

[Event "Titled Tue 17th Jun Early"]
[Site "chess.com INT"]
[Date "2025.06.17"]
[Round "3"]
[White "Guo, Felix"]
[Black "Sychev, Klementy"]
[Result "1-0"]
[BlackTitle "GM"]
[WhiteElo "2091"]
[BlackElo "2513"]
[WhiteFideId "30997550"]
[BlackFideId "4114060"]
[EventDate "2025.06.17"]

1. e4 e5 2. Bc4 Nf6 3. d4 exd4 4. Nf3 Bb4+ 5. c3 dxc3 6. bxc3 Bc5 7. e5 d5 8.
exf6 dxc4 9. Qxd8+ Kxd8 10. fxg7 Re8+ 11. Kf1 Bf5 12. Bg5+ Kc8 13. Nbd2 Nc6 14.
Kg1 Bd3 15. Re1 Kd7 16. h3 b5 17. g4 Rxe1+ 18. Nxe1 Rg8 19. Nxd3 cxd3 20. Bf6
Be7 21. g5 Nd8 22. Ne4 Ne6 23. Kg2 Nxg7 24. Rd1 Ne6 25. Rxd3+ Ke8 26. Bxe7 Kxe7
27. Rg3 Rd8 28. h4 a5 29. Nf6 h6 30. Ne4 hxg5 31. hxg5 c5 32. Re3 c4 33. Kg3 Rd5
34. f4 b4 35. cxb4 axb4 36. Kg4 c3 37. Nxc3 bxc3 38. Rxc3 Rd4 39. Rf3 Ra4 40.
Rf2 Kf8 41. Kg3 Kg7 42. Kg4 Kg6 43. a3 Kg7 44. Rf3 Kg6 45. Rf2 Ng7 46. Rb2 Ne8
47. Rb6+ Kg7 48. Rc6 Rxa3 49. f5 Re3 50. Kh5 Rh3+ 51. Kg4 Rh1 52. Rc8 Rg1+ 53.
Kf4 Rf1+ 54. Kg4 Nd6 55. f6+ Kh7 56. Rd8 Rg1+ 57. Kf4 Rd1 58. Rd7 Kg6 59. Rd8
Rf1+ 60. Kg4 Rg1+ 61. Kf4 Rf1+ 62. Kg4 Rd1 63. Rg8+ Kh7 64. Rg7+ Kh8 65. g6 Rg1+
66. Kh5 Rh1+ 67. Kg5 Rg1+ 68. Kh5 fxg6+ 69. Rxg6 Rh1+ 70. Kg5 Rf1 71. Rh6+ Kg8
72. Rg6+ Kf8 73. Kh4 Ne4 74. Kg4 Nxf6+ 75. Kg5 Kf7 76. Rh6 Ke6 77. Kh4 Kf5 78.
Kg3 1-0

[Event "Titled Tue 17th Jun Early"]
[Site "chess.com INT"]
[Date "2025.06.17"]
[Round "3"]
[White "Dinesh, Rajan M"]
[Black "Troltenier, Dirk"]
[Result "1/2-1/2"]
[WhiteTitle "CM"]
[BlackTitle "FM"]
[WhiteElo "2133"]
[BlackElo "2174"]
[WhiteFideId "35060600"]
[BlackFideId "4606400"]
[EventDate "2025.06.17"]

1. d4 d5 2. Nf3 Nf6 3. g3 e6 4. Bg2 c5 5. O-O Nc6 6. dxc5 Bxc5 7. c4 O-O 8. Nbd2
a6 9. Nb3 Ba7 10. cxd5 exd5 11. Bg5 h6 12. Bxf6 Qxf6 13. Qxd5 Qxb2 14. e3 Be6
15. Qe4 Rfe8 16. Qf4 Rad8 17. Rfb1 Qa3 18. Nfd4 Nxd4 19. Nxd4 Bxd4 20. exd4 b5
21. Re1 Qc3 22. Red1 Bd5 23. Rac1 Qa5 24. Bxd5 Rxd5 25. Rc7 Rf8 26. Rdc1 Qxa2
27. Ra7 Qe2 28. Rxa6 b4 29. Rb6 Rb5 30. Rxb5 Qxb5 31. d5 b3 32. d6 b2 33. Rb1
Rd8 34. Qd2 Qb6 35. d7 Qb7 36. Rxb2 Qxd7 37. Qe3 Qd1+ 38. Kg2 Qd5+ 39. Kg1 Qd1+
40. Kg2 Qd5+ 41. f3 Qd4 42. Qe2 Qd3 43. Qf2 Qd4 44. Re2 Qxf2+ 45. Kxf2 g6 46. h3
Kg7 47. g4 Rd7 48. Kg3 Rc7 49. Re4 Rd7 50. Rc4 Rb7 51. Rc6 Rd7 52. Rc8 Rb7 53.
Re8 Rd7 54. h4 Rd5 55. Re7 Kf8 56. Rb7 Kg7 57. Kf4 Rd4+ 58. Ke3 Ra4 59. Rc7 Rb4
60. Rc6 Rb3+ 61. Kf4 Rb4+ 62. Kg3 Ra4 63. Rd6 Rb4 64. Rd5 Ra4 65. Re5 Rb4 66.
Re4 Rb5 67. Kf4 Ra5 68. g5 hxg5+ 69. hxg5 Rb5 70. Kg4 Ra5 71. f4 Rb5 72. Re5 Rb4
73. Kf3 Rb3+ 74. Re3 Rb4 75. Re4 Rb3+ 76. Ke2 Ra3 77. Re3 Ra4 78. Kf3 Rb4 79.
Rd3 Ra4 80. Ke3 Rb4 81. Rd4 Rb3+ 82. Ke4 Rb5 83. Rd5 Rb4+ 84. Ke5 Rb1 85. Rd4
Rb5+ 86. Kd6 Rf5 87. Ke7 Ra5 88. Re4 Rb5 89. Ke8 Ra5 90. Kd7 Rb5 91. Kc6 Ra5 92.
Re5 Ra4 93. f5 gxf5 94. Rxf5 Kg6 95. Rf6+ Kxg5 96. Rxf7 Rc4+ 97. Kd5 Rf4 98.
Rg7+ Kf6 99. Rg1 Rf5+ 100. Kd6 Rf2 101. Rg8 Kf7 102. Rg1 Rd2+ 103. Ke5 Re2+ 104.
Kf5 Rf2+ 105. Ke5 Re2+ 106. Kf5 Rf2+ 107. Ke5 Re2+ 1/2-1/2

[Event "Titled Tue 17th Jun Early"]
[Site "chess.com INT"]
[Date "2025.06.17"]
[Round "3"]
[White "Vaganian, Rafael A"]
[Black "Goodrich, Elliott"]
[Result "1/2-1/2"]
[WhiteTitle "GM"]
[WhiteElo "2449"]
[BlackElo "2019"]
[WhiteFideId "13300016"]
[BlackFideId "39902064"]
[EventDate "2025.06.17"]

1. d4 Nf6 2. Nf3 g6 3. g3 Bg7 4. Bg2 O-O 5. c4 c6 6. Nc3 d5 7. cxd5 cxd5 8. Ne5
Nc6 9. O-O Bf5 10. Nxc6 bxc6 11. Na4 Ne4 12. Be3 Rb8 13. Rc1 Qd7 14. b3 Rfc8 15.
f3 Nd6 16. Nc5 Qd8 17. Bf2 h5 18. h3 e5 19. e4 dxe4 20. fxe4 Be6 21. Nxe6 fxe6
22. d5 exd5 23. exd5 cxd5 24. Qxd5+ Kh7 25. Rcd1 Nf5 26. Bxa7 Qxd5 27. Bxd5 Rb5
28. Bf2 Ne7 29. Bc4 Ra5 30. a4 Nc6 31. Bb6 Raa8 32. Be6 Rcb8 33. Bf2 Rb7 34. Bd5
Rc7 35. Rc1 Rac8 36. Bb6 Rd7 37. Rxc6 Rxc6 38. Bxc6 Rd3 39. Bf2 Rxb3 40. a5 Ra3
41. Bb6 Rxg3+ 42. Kh2 Ra3 43. Rf7 Kh6 44. Bd8 Ra2+ 45. Kg3 Ra3+ 46. Kg2 Ra2+ 47.
Kf3 Ra3+ 48. Ke4 Rxh3 49. Kd5 Ra3 50. Kc5 g5 51. Kb4 Ra1 52. Ba4 h4 53. a6 Rb1+
54. Bb3 Ra1 55. a7 h3 56. Ba4 h2 57. Bc6 Rxa7 58. Rxa7 g4 59. Be4 g3 60. Ra1 Kh5
61. Kc4 Kg4 62. Rh1 Bh6 63. Kd3 Bf4 64. Ke2 Kh3 65. Kf1 Kg4 66. Kg2 Kh5 67. Bf3+
Kg6 68. Rc1 Kf5 69. Rc2 Ke6 70. Rc6+ Kf5 71. Rf6+ Kg5 72. Rxf4+ Kxf4 73. Bc7 Kf5
74. Kxg3 e4 75. Bh1 e3 76. Kxh2 Ke6 77. Ba5 Ke5 78. Kg3 Kd4 79. Kf3 e2 80. Kxe2
Ke5 81. Ke3 Kd6 82. Be4 Ke6 83. Kd4 Kd6 84. Bb4+ Ke6 85. Bc5 Kf6 86. Kd5 Kg5 87.
Ke5 Kg4 88. Bf2 Kh5 1/2-1/2

[Event "Titled Tue 17th Jun Early"]
[Site "chess.com INT"]
[Date "2025.06.17"]
[Round "3"]
[White "Maghsoodloo, Parham"]
[Black "Atanasov, Anthony"]
[Result "1/2-1/2"]
[WhiteTitle "GM"]
[BlackTitle "IM"]
[WhiteElo "2691"]
[BlackElo "2417"]
[WhiteFideId "12539929"]
[BlackFideId "2623897"]
[EventDate "2025.06.17"]

1. d4 d5 2. c4 e6 3. Nc3 Nf6 4. cxd5 exd5 5. Bg5 Be7 6. e3 h6 7. Bh4 Bg4 8. Qc2
O-O 9. h3 Be6 10. Bd3 c5 11. dxc5 d4 12. exd4 Qxd4 13. Nf3 Qxc5 14. O-O Nc6 15.
a3 Rfd8 16. Rfe1 Rac8 17. Rad1 Qb6 18. Qe2 Nd4 19. Nxd4 Rxd4 20. Bg3 Bd6 21.
Bxd6 Rxd6 22. Bb1 Rcd8 23. Rxd6 Rxd6 24. Rd1 Rxd1+ 25. Nxd1 g6 26. Qd2 Kg7 27.
Ne3 Qc5 28. Bc2 Qe5 29. Bd1 Ne4 30. Qb4 b6 31. Bc2 Nf6 32. h4 Nh5 33. Bd1 Nf4
34. Qd2 Nd5 35. Nf1 Nf6 36. g3 Bc4 37. Ne3 Be6 38. Bf3 Kh7 39. Qc2 Kg7 40. Ng2
Qd4 41. Nf4 Bg4 42. Bxg4 Nxg4 43. Qxg6+ fxg6 44. Ne6+ Kf6 45. Nxd4 Ne5 46. b3
Nd3 47. f4 g5 48. fxg5+ hxg5 49. Kg2 a5 50. Kf3 gxh4 51. gxh4 Ke5 52. Ke3 Nc5
53. b4 axb4 54. axb4 Na6 55. b5 Nc7 56. Kd3 Nd5 57. Ne2 Kf5 58. Kc4 Nc7 59. h5
Kg5 60. Ng3 Kh6 61. Kb4 Kg5 62. Kc4 Kh6 63. Kd4 Kg5 64. Ke5 Nxb5 65. Ke6 Nd4+
66. Kf7 Nf5 67. Ne4+ Kxh5 68. Kf6 Kg4 69. Ke5 Ne3 70. Nc3 Kf3 71. Kd6 Nc4+ 72.
Kc6 Ke3 73. Nb5 Kd3 74. Nc7 Kd4 75. Kb5 Nd6+ 76. Kc6 Nc4 77. Na6 Ke5 78. Nb4 Kd4
79. Nc2+ Kc3 80. Ne1 Kb4 81. Nd3+ Ka5 82. Kd5 b5 83. Kd4 Ka4 84. Kc3 Ka3 85. Kd4
Nb2 86. Nxb2 Kxb2 87. Kc5 Kc2 88. Kb4 Kd2 89. Kxb5 1/2-1/2

[Event "Titled Tue 17th Jun Early"]
[Site "chess.com INT"]
[Date "2025.06.17"]
[Round "3"]
[White "Mummana Venkata Ruthvik"]
[Black "Mizzi, Jack"]
[Result "0-1"]
[WhiteTitle "CM"]
[BlackTitle "CM"]
[WhiteElo "2237"]
[BlackElo "2107"]
[WhiteFideId "25697307"]
[BlackFideId "5602521"]
[EventDate "2025.06.17"]

1. Nf3 Nf6 2. g3 d5 3. Bg2 c5 4. O-O Nc6 5. d4 e6 6. b3 Be7 7. Bb2 O-O 8. Nbd2
b6 9. Rc1 Bb7 10. c4 Rc8 11. e3 cxd4 12. Nxd4 dxc4 13. Nxc4 Nd5 14. Qe2 Bf6 15.
Nxc6 Bxc6 16. Rfd1 Bxb2 17. Qxb2 Qe7 18. e4 Nf6 19. e5 Nd5 20. Nd6 Rc7 21. Rc4
Ba8 22. Rxc7 Nxc7 23. Bxa8 Rxa8 24. Rc1 Nd5 25. Qc2 h6 26. Qc6 Rb8 27. Re1 Qd8
28. f4 b5 29. Re2 Qa5 30. Qd7 Rf8 31. Qxb5 Qc3 32. Qc4 Qa1+ 33. Kg2 Qd1 34. Kf2
h5 35. Qc2 Qh1 36. h4 Qh2+ 37. Kf3 Qh1+ 38. Kf2 Qh2+ 39. Kf3 Qh3 40. Ne4 Qf1+
41. Rf2 Qh1+ 42. Rg2 Rd8 43. Ng5 Kf8 44. Qc5+ Kg8 45. Qg1 Qxg1 46. Rxg1 Nc3 47.
Rc1 Rd3+ 48. Kf2 Kf8 49. Rc2 Ke7 50. Nf3 Ne4+ 51. Kg2 Kd7 52. Re2 Nc3 53. Rc2
Nd5 54. Kf2 Nb4 55. Rc4 Nxa2 56. Ra4 Nc3 57. Rxa7+ Ke8 58. Ra8+ Ke7 59. Ra7+ Ke8
60. Ng5 Nd5 61. Nxf7 Rxb3 62. Nd6+ Kf8 63. Ra8+ Ke7 64. Re8+ Kd7 65. Rg8 Rb2+
66. Kf3 Rb3+ 67. Kf2 Rb2+ 68. Ke1 Ne3 69. Rxg7+ Kc6 70. Rg5 Kd5 71. f5 Kd4 72.
fxe6 Kd3 73. Ne4 Re2# 0-1

[Event "Titled Tue 17th Jun Early"]
[Site "chess.com INT"]
[Date "2025.06.17"]
[Round "3"]
[White "Huseynova, Dinara"]
[Black "Hernandez Bermudez, Ulises Eduardo"]
[Result "1-0"]
[WhiteTitle "WCM"]
[WhiteElo "1833"]
[BlackElo "2042"]
[WhiteFideId "13437313"]
[BlackFideId "3902510"]
[EventDate "2025.06.17"]

1. d4 Nf6 2. Nf3 g6 3. e3 Bg7 4. Bd3 O-O 5. O-O d5 6. Nbd2 b6 7. b3 c5 8. Bb2
Nc6 9. a3 Bb7 10. Ne5 Nxe5 11. dxe5 Ne4 12. Nxe4 dxe4 13. Bc4 Qc7 14. Qg4 Bxe5
15. Bxe5 Qxe5 16. Qd7 Bc8 17. Qd5 Qb8 18. Qxe4 Bf5 19. Qf3 Qe5 20. Bd5 Rad8 21.
e4 Bc8 22. Rad1 Ba6 23. Rfe1 e6 24. Bc6 b5 25. Qe2 c4 26. a4 bxa4 27. Bxa4 Qa5
28. Rxd8 Rxd8 29. Rd1 Rb8 30. Qd2 Qxd2 31. Rxd2 Bb5 32. Bxb5 Rxb5 33. f3 cxb3
34. cxb3 Rxb3 35. Rd8+ Kg7 36. Ra8 Ra3 37. Kf2 Ra2+ 38. Kg3 Kf6 39. h4 h5 40.
Kh3 a5 41. Kg3 Ke5 42. Rf8 f6 43. Rg8 a4 44. Rxg6 a3 45. Rg8 Ra1 46. Rh8 Kd4 47.
Rxh5 Rh1 48. Ra5 Ra1 49. h5 Kc4 50. h6 Kb4 51. Ra7 Rh1 52. h7 Kb3 53. Kf4 a2 54.
Rb7+ Kc2 55. Rc7+ Kd3 56. Ra7 Kc4 57. h8=Q Rxh8 58. Rxa2 Kd3 59. Ra6 Re8 60. g4
Kd4 61. Rd6+ Kc5 62. Rd1 Rg8 63. Rc1+ Kd6 64. Rd1+ Ke7 65. Ra1 e5+ 66. Kg3 Rc8
67. Ra7+ Ke6 68. Ra6+ Kf7 69. Ra5 Kg6 70. Kh4 Rc2 71. Kg3 Re2 72. Ra3 Re1 73.
Rc3 Kg5 74. Ra3 Rg1+ 75. Kf2 Rh1 76. Ra6 Rh2+ 77. Kg3 Rc2 78. Ra8 Rc1 79. Rg8+
Kh6 80. Kh4 Rh1+ 81. Kg3 Rc1 82. g5+ fxg5 83. Kg4 Rg1+ 84. Kf5 Rf1 85. Rh8+ Kg7
86. Rh3 1-0

[Event "Titled Tue 17th Jun Early"]
[Site "chess.com INT"]
[Date "2025.06.17"]
[Round "3"]
[White "Mikhailova, Irina"]
[Black "Hungaski, Robert"]
[Result "1/2-1/2"]
[WhiteTitle "WGM"]
[BlackTitle "GM"]
[WhiteElo "2143"]
[BlackElo "2477"]
[WhiteFideId "4109040"]
[BlackFideId "2021030"]
[EventDate "2025.06.17"]

1. d4 d5 2. Nf3 Nf6 3. c4 c6 4. cxd5 cxd5 5. Nc3 Nc6 6. Bf4 g6 7. h3 Bg7 8. e3
O-O 9. Bd3 b6 10. O-O Bb7 11. Rc1 a6 12. Qe2 e6 13. Ne5 Nxe5 14. Bxe5 Ne8 15.
Rc2 Nd6 16. Bxg7 Kxg7 17. Rfc1 b5 18. Nb1 Rc8 19. Rc5 Nc4 20. b3 Nb6 21. Qc2 Qd6
22. Nd2 Nd7 23. Rxc8 Rxc8 24. Qb2 Rxc1+ 25. Qxc1 Qc6 26. Qxc6 Bxc6 27. Nf3 a5
28. a3 b4 29. axb4 axb4 30. Ne1 Nb8 31. Nc2 f6 32. Nxb4 Bb7 33. Bb5 Kf7 34. Kf1
e5 35. f4 Ke6 36. Ke2 h5 37. g4 hxg4 38. hxg4 exf4 39. exf4 g5 40. Ke3 Kd6 41.
f5 Bc8 42. Kd3 Bb7 43. Kc3 Bc8 44. Nd3 Bb7 45. Nc5 Bc6 46. Bd3 Bd7 47. b4 Bc8
48. b5 Kc7 49. Na4 Nd7 50. Kb4 Kd6 51. Nc5 Nb6 52. Na6 Bb7 53. Nc5 Bc8 54. Nb3
Bb7 55. Nd2 Bc8 56. Nf1 Bd7 57. Ne3 Bc8 58. Bc2 Bb7 59. Bd3 Ba8 60. Ka5 Kc7 61.
Kb4 Bb7 62. Nc2 Kd6 63. Kc3 Ba8 64. Nb4 Bb7 65. Nc2 Bc8 66. Kb3 Bb7 67. Ne3 Ba8
68. Kb4 Bb7 69. Ka5 Kc7 70. Nc2 Ba8 71. Nb4 Bb7 72. Na6+ Bxa6 73. bxa6 Nc8 74.
Kb5 Kd6 75. Ka5 Kc7 76. Kb5 Kd6 77. Be2 Kc7 78. Kc5 Nb6 79. Bb5 Nc8 80. Kxd5 Kd8
81. Ke6 Na7 82. Bc4 Nc6 83. Kxf6 Kc7 84. Kxg5 Nxd4 85. Kf4 Nc6 86. g5 Ne7 87. f6
Ng6+ 88. Kf5 Nh4+ 89. Kg4 Ng2 90. Bd5 Ne3+ 91. Kh5 Nxd5 92. g6 Nxf6+ 93. Kh6 Ne8
94. Kh7 Nf6+ 95. Kg7 Nh5+ 96. Kh6 Nf6 97. Kg5 Ne8 98. Kf5 Kb6 99. Ke6 Kxa6 100.
Kf7 Nd6+ 101. Ke6 Ne8 102. Ke7 Ng7 103. Kf6 Nh5+ 104. Kg5 Ng7 105. Kg4 Kb7 106.
Kg5 Kc7 107. Kf6 Nh5+ 108. Kf7 Kd6 109. Kf8 Ke6 110. Kg8 Kf6 111. Kh7 Kg5 112.
g7 Nxg7 1/2-1/2

[Event "Titled Tue 17th Jun Early"]
[Site "chess.com INT"]
[Date "2025.06.17"]
[Round "3"]
[White "Robert, Yoann"]
[Black "Anakok, Deniz"]
[Result "1/2-1/2"]
[WhiteTitle "CM"]
[BlackTitle "CM"]
[WhiteElo "2203"]
[BlackElo "2058"]
[WhiteFideId "36018805"]
[BlackFideId "51603586"]
[EventDate "2025.06.17"]

1. d4 Nf6 2. Nc3 d5 3. Bf4 c6 4. e3 e6 5. g4 Bd6 6. Qf3 Bxf4 7. Qxf4 Qe7 8. Bd3
h6 9. Nf3 Nbd7 10. O-O-O g5 11. Qg3 Rg8 12. Rhe1 a6 13. e4 dxe4 14. Nxe4 Nxe4
15. Bxe4 Nf6 16. Bd3 Nd5 17. Ne5 Nf4 18. Be4 Bd7 19. Qb3 O-O-O 20. Kb1 Be8 21.
Re3 f6 22. Nd3 Rxd4 23. c3 Rd8 24. Nb4 Rxd1+ 25. Qxd1 a5 26. Nc2 Bf7 27. Nd4 Rd8
28. Qa4 Qc5 29. Re1 e5 30. Nf5 Be6 31. Bc2 Bxf5 32. Bxf5+ Kc7 33. Bc2 b6 34. Qe4
Qxf2 35. Rc1 Qxh2 36. Qf5 Ne2 37. Re1 Qg3 38. Rf1 Nf4 39. Qxf6 Qe3 40. Bf5 Qc5
41. Re1 Qd6 42. Qg7+ Kb8 43. Bc2 Qc7 44. Qxh6 Qe7 45. Qxc6 Rd6 46. Qe4 Re6 47.
Bb3 Rd6 48. Qxe5 Qxe5 49. Rxe5 Rg6 50. Bc2 Rg7 51. Bf5 Kc7 52. Kc2 Kd6 53. Re1
Nd5 54. Rd1 Kc5 55. Rd3 Nf4 56. Re3 Nd5 57. Re5 Kd6 58. Re6+ Kc5 59. a3 a4 60.
Kc1 Rc7 61. Rg6 Nf4 62. Rxg5 Re7 63. Rg8 Re1+ 64. Kc2 Re2+ 65. Kb1 Re1+ 66. Ka2
Ne2 67. Rc8+ Kd6 68. Rd8+ Kc7 69. Rd2 Nc1+ 70. Kb1 Nb3+ 71. Kc2 Nxd2 72. Kxd2
Rg1 73. Kd3 Kd6 74. Kc4 Rg2 75. Kb4 Rxb2+ 76. Kxa4 Kc5 77. g5 Rg2 78. g6 Rg5 79.
Bd3 Rg3 80. Bc2 Rxc3 81. Bb3 Rg3 82. Bf7 Rg4+ 83. Kb3 b5 84. Kb2 Kb6 85. Kb3 Ka5
86. Be8 Rg3+ 87. Kb2 Ka4 88. Kc2 Kxa3 89. Bxb5 Rxg6 90. Bd3 Rc6+ 91. Kd2 Kb3 92.
Be4 Rd6+ 93. Ke3 Kc3 94. Kf4 Kd4 95. Bf5 Rf6 96. Kg5 Ke5 97. Bb1 Rf1 98. Bc2
Rg1+ 99. Kh6 Kf6 100. Kh7 Rh1+ 101. Kg8 Rc1 102. Bb3 Kg6 103. Kh8 Rc8+ 104. Bg8
Rc7 105. Bb3 Rb7 106. Bg8 Rc7 107. Bb3 Rc1 108. Kg8 Rh1 109. Bf7+ Kf6 110. Bb3
Rg1+ 111. Kh8 Rg7 112. Ba2 Ra7 113. Bb3 Kg6 114. Bg8 Kh6 115. Bb3 Rb7 116. Bg8
Rb8 1/2-1/2